000 00643nam a22002057a 4500
999 _c187888
_d187888
005 20220504115956.0
010 _aENG-132511
020 _a9789382968840
_c395.00
035 _aEN-116043
037 _bDBAD/PUB
082 _a378.54
100 _aSingh, Raj Pal
245 _aNAAC and Higher Education in India/
_cRaj Pal Singh, V.K. Jain and S.S. Nain
260 _aNew Delhi
_bAvni Publications
_c2018
270 _aRZ-45D, Street No. 2, Main Sagarpur
_bNew Delhi
_e110046
_mavnipublications@gmail.com
300 _a120p.
_c22cm(hbk)
700 _aJain, V.K.
700 _aNain, S.S.
942 _2ddc
_cEN
_h378.54
_mRAJ